000 00553cam a2200205ua 4500
001 5840
008 131024n ii |||gr||||Z||||||eng
040 _cMAIN
082 _a954
245 _aAn Advanced History of India
_cBy R.C. Majumdar
250 _a3rd ed.
260 _aLondon:
_bMacmillan and Company Ltd.,
_c1967.
300 _axiii,1073p.
653 _aHistory
653 _aAn Advanced History of India
700 _aMajumdar,R.C.,
_eAuthor.,
700 _aRaychaudhuri,H.C.,
_eAuthor.
700 _aDatta,Kalikinkar,
_eAuthor.
942 _cBK
999 _c4994
_d4994